000 01059nam a22003017a 4500
001 BR8301463
003 BR-BrBNA
005 20230928091622.0
007 ta
008 230509b bl.||||| |||| 00| 0 por d
040 _aBR-BrBNA
_bpor
_cBiblioteca Nacional de Agricultura
041 _a(Por)
072 _aF25
_b1410
_b3820
_b3830
090 _ 1410 BR8301463
100 1 _aBerger, P.G.
110 1 _aUniversidade Federal de Vicosa, MG (Brasil)
_0Tese (Magister Scientiae)
245 1 _aResposta da cultura do feijao (Phaseolus vulgaris L.)a adubacao nitrogenada e fosfatada
246 1 _a[Response of bean crop (Phaseolus vulgaris L.)to nitrogen and phosphorus fertilization]
260 3 _aVicosa, MG (Brasil):
_c1983.
300 _a67 p.
500 _a34 tables; 32 ref.; Summary (Por). (*) Documento disponível na(o) Universidade Federal de Vicosa, MG (Brazil)
650 _aFEIJAO
650 _aFERTILIZANTE NITROGENADO
650 _aFERTILIZANTE FOSFATADO
650 _aADUBACAO
909 _a202309
_bLucia
_c55
_dLucia Elande
942 _cBK
999 _c34686
_d34686